| 000 | 00681nam a2200205 a 4500 | ||
|---|---|---|---|
| 005 | 20210219154719.0 | ||
| 008 | 031128s1997 mx r 000 0 spa d | ||
| 020 | _a8425419549 | ||
| 035 | _aUPN01000131050 | ||
| 049 | _aCG | ||
| 050 | 4 |
_aPA6008 _bA4.3 |
|
| 100 | 1 | _aAlbrecht, Michael Von | |
| 245 | 1 | 0 |
_aHistoria de la literatura romana : _bdesde Andrónico hasta Boecio / _cMichael von Albrecht ; tr. Dulce Estefanía. |
| 260 |
_aBarcelona, Esp. : _bHerder, _c1997. |
||
| 300 | _a2 v. | ||
| 500 | _aLa biblioteca tiene el volumen 1 | ||
| 534 |
_pTraducción de : _tGeschichte der römischen literatur |
||
| 650 | 4 |
_aLITERATURA LATINA - _xHISTORIA Y CRITICA |
|
| 905 | _aLibro | ||
| 999 |
_c103205 _d103205 |
||